| 000 | 00370cam a2200145ua 4500 | ||
|---|---|---|---|
| 041 |
_aeng _h |
||
| 082 |
_a823.301 _bGRU/RA |
||
| 100 | _aGruelle, Johnny . | ||
| 245 |
_aRaggedy Ann: Stories to read aloud / _cJohny Gruelly. _hTextual Documents |
||
| 260 |
_aNew York : _bWonder Books , _c1960. |
||
| 300 | _a127 ; . | ||
| 504 | _a | ||
| 942 | _cBK | ||
| 999 |
_c2665 _d2665 |
||